Memorias y melancolía de cualquier tiempo pasado (Record no. 184535)

MARC details
000 -LEADER
campo de control de longitud fija 01264nam a2200265 i 4500
001 - NÚMERO DE CONTROL
campo de control 184535
003 - IDENTIFICADOR DE NÚMERO DE CONTROL
campo de control ES-MaACL
005 - FECHA Y HORA DE LA ÚLTIMA TRANSACCIÓN
campo de control 20231119163123.0
008 - DATOS DE LONGITUD FIJA--INFORMACIÓN GENERAL
campo de control de longitud fija 151019s2014 sp a |||| | spa d
020 ## - NÚMERO INTERNACIONAL ESTÁNDAR DEL LIBRO
Número Internacional Estándar del Libro 978-84-617-3131-2
080 ## - NÚMERO DE LA CLASIFICACIÓN DECIMAL UNIVERSAL
Número de la Clasificación Decimal Universal 94(460.182 B.)"19"
100 1# - ENTRADA PRINCIPAL--NOMBRE DE PERSONA
Nombre de persona Pérez Manrique, Juan Carlos.
9 (RLIN) 157925
245 10 - MENCIÓN DEL TÍTULO
Título Memorias y melancolía de cualquier tiempo pasado
Resto del título : Burgos y burgaleses en el primer tercio del siglo XX /
Mención de responsabilidad, etc. Juan Carlos Pérez Manrique.
246 30 - FORMA VARIANTE DEL TITULO
Texto de visualización Subt. de cub.
Título propio/Titulo breve Discurso de ingreso del académico numerario Ilmo. Sr. D. Juan Carlos Pérez Manrique pronunciado el 12 de diciembre de 2014, y contestación del Ilmo. Sr. D. Floriano Ballesteros Caballero
260 ## - PUBLICACIÓN, DISTRIBUCIÓN, ETC.
Lugar de publicación, distribución, etc. Burgos :
Nombre del editor, distribuidor, etc. Real Academia Burgense de Historia y Bellas Artes, Institución Fernán González,
Fecha de publicación, distribución, etc. 2014.
300 ## - DESCRIPCIÓN FÍSICA
Extensión 155 p. :
Otras características físicas il. ;
Dimensiones 24 cm.
504 ## - NOTA DE BIBLIOGRAFÍA, ETC.
Nota de bibliografía, etc. Bibliografía: p. 139-144.
651 #7 - PUNTO DE ACCESO ADICIONAL DE MATERIA--NOMBRE GEOGRÁFICO
Nombre geográfico Burgos-
Subdivisión general Historia-
Subdivisión cronológica S.XX.
9 (RLIN) 7903
700 1# - ENTRADA AGREGADA--NOMBRE PERSONAL
Nombre de persona Ballesteros Caballero, Floriano.
9 (RLIN) 157926
710 2# - ENTRADA AGREGADA--NOMBRE DE ENTIDAD CORPORATIVA
Nombre de entidad corporativa o nombre de jurisdicción como elemento de entrada Institución Fernán González.
9 (RLIN) 4720
852 ## - LOCALIZACIÓN
Ubicación ES-MaACL
Número de control de estantería A-13584
itemnumber 191534
Sublocalización o colección R.150824
Ubicación en estantería Depósito 1
Signatura antigua Olim: N-6584
Donativo/Legado Donación: Real Academia Española
914 ## - NOMBRE ENTIDAD DE DONANTE
RLIN 6336
Nombre de congreso/reunión o jurisdicción como elemento de entrada Real Academia Española
Unidad subordinada Donante
942 ## - ELEMENTOS DE ENTRADA SECUNDARIOS (KOHA)
Fuente del sistema de clasificación o colocación Clasificación decimal universal
Tipo de ítem Koha Libro impreso
Holdings
Estatus retirado Estado de pérdida Fuente del sistema de clasificación o colocación Estado de daño No para préstamo Biblioteca de origen Biblioteca actual Ubicación en estantería Fecha de adquisición Fuente de adquisición Total de préstamos Signatura topográfica completa Código de barras Visto por última vez Precio de reemplazo Tipo de ítem Koha
    Clasificación decimal universal     Biblioteca del Ateneo de Madrid Biblioteca del Ateneo de Madrid Depósito 1 19/10/2015 Donación   A-13584 1194269 23/02/2023 23/02/2023 Libro impreso